Mythical Creatures by Picture - Statistics

General Stats
  • This quiz has been taken 998 times
    981 since last reset
  • The average score is 28 of 40
Answer Stats
Picture Answer % Correct
Dragon
98%
Unicorn
96%
Phoenix
94%
Mermaid
93%
Vampire
92%
Cyclops
91%
Fairy
91%
Werewolf
91%
Yeti
91%
Zombie
91%
Centaur
87%
Pegasus
87%
Bigfoot
86%
Leprechaun
86%
Gnome
85%
Loch Ness
85%
Cerberus
84%
Griffin
82%
Troll
82%
Kraken
81%
Angel
79%
Hydra
78%
Sphinx
77%
Minotaur
76%
Gargoyle
75%
Goblin
72%
Gorgon
72%
Golem
61%
Chimera
55%
Harpy
51%
Ogre
49%
Manticore
46%
Pixie
46%
Faun
45%
Banshee
43%
Imp
38%
Oni
38%
Ghoul
20%
Basilisk
18%
Scylla
10%
No matching quizzes found
Score Distribution
Percent of People with Each Score
Percentile by Number Answered
Your Score History
You have not taken this quiz since the last reset